The Great Ascent : The struggle for economic development in our time

Enregistré dans:
Détails bibliographiques
Auteur principal: Heilbroner, Robert L.
Format: Livre
Langue:Undetermined
Publié: New York Harper & Row 1963
Sujets:
Tags: Ajouter un tag
Pas de tags, Soyez le premier à ajouter un tag!
Thư viện lưu trữ: Trung tâm Học liệu Trường Đại học Cần Thơ
LEADER 00544nam a2200193Ia 4500
001 CTU_81348
008 210402s9999 xx 000 0 und d
082 |a 338.9 
082 |b H466 
100 |a Heilbroner, Robert L. 
245 4 |a The Great Ascent : 
245 4 |b The struggle for economic development in our time 
245 0 |c Robert L. Heilbroner 
260 |a New York 
260 |b Harper & Row 
260 |c 1963 
650 |a Conomic development 
904 |i Trọng Hải 
980 |a Trung tâm Học liệu Trường Đại học Cần Thơ